| 000 | 01388nam a22003377a 4500 | ||
|---|---|---|---|
| 003 | DO-SdBNP | ||
| 005 | 20211229102148.0 | ||
| 007 | ta | ||
| 008 | 211229b2004 a|||e |||| 001 0 spa d | ||
| 040 |
_aDO-SdBNP _bspa _cBNPHU |
||
| 082 | 4 |
_222 _bP273p _a324.97293 |
|
| 110 | 1 | 0 |
_aPartido de la Liberación Dominicana _eservir al partido para servir al pueblo _980904 |
| 245 | 1 | 0 |
_aPrograma de gobierno 2004-2008 / _cPartido de la Liberación Dominicana (PLD) |
| 260 |
_aSanto Domingo : _bAlfa & Omega, _c2004. |
||
| 300 |
_a152 p. : _bil. ; retrs ; _c27 cm |
||
| 500 | _aPor una República Dominicana con Progreso económico, democrático real, Equidad social/ | ||
| 505 | _aI. Lineamientos generales. | ||
| 505 | _aII. Política del Estado y sus instituciones. | ||
| 505 | _aIII. Area económica. | ||
| 505 | _aIV. Medio ambiente y recursos naturales. | ||
| 505 | _aV. Energía e Infraestructura. | ||
| 505 | _aVI. Política social. | ||
| 590 | _aInventariado, 2021 / SA | ||
| 650 | 4 |
_aPartido de la Liberación Dominicana _xPlataforma _980905 |
|
| 650 | 4 |
_aPolítica y gobierno - 2004- _zRepública Dominicana _980906 |
|
| 650 | 4 |
_aPolítica económica _zRepública Dominicana _910040 |
|
| 650 | 4 |
_aPolítica Social _zRepública Dominicana _911024 |
|
| 650 | 4 | 0 |
_955844 _aPartido de la Liberación Dominicana _xPrograma de gobierno |
| 910 | _aSaquino | ||
| 942 |
_2ddc _cLBS1 |
||
| 999 |
_c51142 _d51142 |
||